heart of darkness (Record no. 8595)
[ view plain ]
| 000 -LEADER | |
|---|---|
| fixed length control field | 00194 a2200085 4500 |
| 005 - DATE AND TIME OF LATEST TRANSACTION | |
| control field | 20191017172222.0 |
| 084 ## - OTHER CLASSIFICATION NUMBER | |
| Classification number | NONE |
| 100 ## - MAIN ENTRY--PERSONAL NAME | |
| Personal name | ANTONY FOTHERGILL |
| 245 ## - TITLE STATEMENT | |
| Title | heart of darkness |
| Medium | Text |
| 650 ## - SUBJECT ADDED ENTRY--TOPICAL TERM | |
| Topical term or geographic name entry element | OPEN GUIDES TO LITERATURE |
No items available.